| 000 | 00735nam a22002297a 4500 | ||
|---|---|---|---|
| 005 | 20170124110037.0 | ||
| 010 | _aB-168341 | ||
| 020 |
_c150.00 _a819023501X |
||
| 035 | _aB-168341 | ||
| 037 | _bCen Lib/Ret | ||
| 040 |
_aDPL _bEN |
||
| 082 |
_a954.42 _bJAK |
||
| 100 |
_aJakhetiya, Ram Gopal _922953 |
||
| 245 |
_aGlorious rajasthan : _cby Ram Gopal Jakhetiya _bhistory,art & culture / |
||
| 260 |
_aJaipur _bApollo Prakashan _c2005 |
||
| 270 |
_aShop No-25, New Pink City Market, Raja Park _bJaipur |
||
| 300 |
_a130p. _c20cm(Hb) |
||
| 500 | _aIncludes bibliographical references | ||
| 650 |
_aHistory of Medieval India. _922954 |
||
| 650 |
_aGlimpses of Rajasthan. _922955 |
||
| 942 |
_2ddc _cEN _h954.42 _mJAK |
||
| 999 |
_c128294 _d128294 |
||